Classifica Marcatori Serie A 2019-2020 - Statistics

Statistiche generali
  • Questo quiz è stato fatto 226 volte
  • Il punteggio medio è 13 su 16
Statistiche sulle risposte
Gol Nazione Squadra Calciatore % Corretto
36 Italia Lazio Ciro Immobile
100%
31 Portogallo Juventus Cristiano Ronaldo
99%
14 Italia Sassuolo Domenico Berardi
99%
23 Belgio Inter Romelu Lukaku
99%
16 Bosnia Roma Edin Džeko
98%
18 Colombia Atalanta Duván Zapata
97%
15 Slovenia Atalanta Josip Iličić
95%
16 Italia Torino Andrea Belotti
94%
14 Argentina Inter Lautaro Martinez
94%
18 Colombia Atalanta Luis Muriel
94%
18 Brazile Cagliari João Pedro
92%
12 Italia SPAL Andrea Petagna
75%
21 Italia Sassuolo Francesco Caputo
69%
12 Danimarca Parma Andreas Cornelius
65%
12 Argentina Cagliari Giovanni Simeone
46%
14 Italia Lecce Marco Mancosu
26%
Nessun quiz corrispondente trovato
Distribuzione punteggi
Percentuale di utenti per punteggio
Percentile per numero di risposta
I tuoi punteggi nel tempo
Non hai fatto questo quiz